ಉದಯೋನ್ಮುಖ ಭಾರತದಲ್ಲಿ ಶಿಕ್ಶಣ (Record no. 236018)

MARC details
000 -LEADER
fixed length control field 00483nam a2200181Ia 4500
003 - CONTROL NUMBER IDENTIFIER
control field OSt
005 - DATE AND TIME OF LATEST TRANSACTION
control field 20251031115606.0
008 - FIXED-LENGTH DATA ELEMENTS--GENERAL INFORMATION
fixed length control field 250729s2005 xx 000 0 und d
040 ## - CATALOGING SOURCE
Transcribing agency AL
041 ## - LANGUAGE CODE
Language code of text/sound track or separate title kan
082 ## - DEWEY DECIMAL CLASSIFICATION NUMBER
Classification number 370 OBAU
100 ## - MAIN ENTRY--PERSONAL NAME
Personal name ಓಬಲೇಶಘಟ್ಟಿ ಆರ್
9 (RLIN) 223658
245 ## - TITLE STATEMENT
Title ಉದಯೋನ್ಮುಖ ಭಾರತದಲ್ಲಿ ಶಿಕ್ಶಣ
260 ## - PUBLICATION, DISTRIBUTION, ETC.
Place of publication, distribution, etc. Gadag
Date of publication, distribution, etc. 2005
300 ## - PHYSICAL DESCRIPTION
Extent 404p
650 ## - SUBJECT ADDED ENTRY--TOPICAL TERM
Topical term or geographic name entry element Education
9 (RLIN) 223659
942 ## - ADDED ENTRY ELEMENTS (KOHA)
Source of classification or shelving scheme Dewey Decimal Classification
Koha item type School of Education
Holdings
Withdrawn status Lost status Damaged status Not for loan Home library Current library Date acquired Source of acquisition Cost, normal purchase price Total Checkouts Full call number Barcode Date last seen Cost, replacement price Price effective from Koha item type
        St Aloysius Library St Aloysius Library 07/29/2025 School Book Company 150.00   370 OBAU BED01337 07/29/2025 150.00 07/29/2025 Book